000 nam a22 a 4500
999 _c341772
_d341772
003 BLK
005 20210730093802.0
008 180911b bul|||||r ||||||| ||bul||
010 _a001402
040 _aBLK
041 _aBUL
_cBUL
080 _aПолска литература
_b821.162.1
_x-2
_z821.162.1-2
100 _aКрасински, Зигмунт
_eпърви автор
_9461154
139 _aКрасински, Зигмунт
245 0 0 _aИридион
_bДрама; прев. от полски Ан. Ганчева
_cЗигмунт Красински
246 _aДрама
_pдрама-трагедии
260 _aСофия
_bПол.-бълг. д-во
_c1921
_fПридворна печ.
300 _aL, 170 с.
_bс ил., 1 л. портр.
_c21 см
380 _aX
490 _aПол. библ
490 _aЧастна колекция - Академик Михаил Арнаудов
_gДарение - Основен фонд
500 _aАвтограф с текст: На г-н Проф. Мих. Арнаудов с молба за отзив от Полско-българско дружество - София София, 12/V 1922.;
650 _aБиографии
_9148657
650 _aПисатели
_9166332
653 _aдрама
653 _aтрагедии
655 _aполска литература
_9397852
700 _aГанчева, Анна
_eпрев.
_9300168
852 _aМА 2008
_bМА
852 _aЦб 8.205.1812
_bЦб
942 _cKNG
_n0
_s1
944 _aCR
_c1997
_kValK
999 _d341772
999 _d341772